| 000 | 00627 a2200181 4500 | ||
|---|---|---|---|
| 001 | 140454 | ||
| 040 | _cLeonardo Da Vinci | ||
| 041 | _aPortuguês | ||
| 082 |
_a869.93 C977en _bC977en |
||
| 245 | _aENCICLOPÉDIA de estudos euclidianos | ||
| 250 | _av.1 | ||
| 260 |
_bJundiaí _c1982 _aJundiá |
||
| 300 | _a232 | ||
| 362 | _a19820000 | ||
| 500 |
_aAdelino Brandão (Organização e Coordenação) _a80. aniversário da primeira edição de Os sertões. Inclui vida e obra do autor. A Biblioteca possui o volume 1 |
||
| 697 |
_aLiteratura _aCunha, Euclides da _aCrítica _aInterpretação _aOs Sertões _aBrasil |
||
| 942 | _cBK | ||
| 999 |
_c140454 _d140454 |
||